| 000 | 00317nam a22001337a 4500 | ||
|---|---|---|---|
| 020 | _qPB. | ||
| 040 | _cFIZZA ISHAQ | ||
| 082 |
_a515.7 _bULR |
||
| 100 |
_aWILBRANDT,ULRICH _990729 |
||
| 245 |
_aSTOKES DARCY EQUATIONS / _cULRICH WILBRANDT. |
||
| 260 |
_aBIRKHAUSER ; _c2019. |
||
| 300 | _a212 P. ; | ||
| 942 |
_2ddc _cBK |
||
| 999 |
_c588949 _d588949 |
||